Quiz cinéma français "Les Visiteurs 1" - Statistiques

Statistiques générales
  • Ce quiz a été pris 305 fois
  • Le résultat moyen est 11 sur 16
Statistiques - réponses
Hint Réponse % Correct
Quel acteur interprète le rôle de "Jacquouille la Fripouille" ? Christian Clavier
98%
Compléter cette célèbre phrase "Ils sont partis dans les couloirs du ,,, ? " Temps
94%
Quel acteur interprète le rôle de "Godefroy de Montmirail" ? Jean Reno
92%
Avec quel animal Godefroy confond t-il son futur beau père ? Ours
90%
Compléter cette célèbre phrase "Et on lui pèlera le jonc comme au bailli du,,," ? Limousin
87%
Quel actrice interprète le rôle de "Béatrice de Montmirail" ? Valérie Lemercier
83%
Dans le chateau de Montmiralle, par quoi rentre t-il dans le souterrain secret ? Cheminée
81%
Quelle actrice joue le rôle de "Dame Ginette" ? Maire-Anne Chazel
77%
Compléter cette célèbre phrase "C'est des ,,, c'est des ,,,? " Malades
70%
Comment se nomme le surnom du roi "Louis VI,,," ? Le Gros
68%
A quelle époque commence les "Visiteurs" ? Moyen-Age
67%
Qui a réalisé le film "Les Visiteurs" ? Jean-Marie Poiré
59%
Comment s'appelle le restaurant où Godefroy et Jacqouille vole de la viande sur le grill ? Courtepaille
54%
Quel est la marque de voiture qui appartient à Jacques-Henri Jacquard (moment de l'explosion) Range Rover
54%
Comment s'appelle le "Maréchal des Logis,,," ? Gibon
42%
Comment s'appelle le médicament sensé calmer Godefroy en cas de crise ? Dragonal
28%
Aucun quiz correspondant
Distribution des résultats
% des personnes avec chaque résultat
Percentile par nombre de réponses
Votre historique - résultats
Vous n’avez pas pris ce quiz